| 000 | 00991cam a22002651i 4500 | ||
|---|---|---|---|
| 003 | SA-RiAUC | ||
| 005 | 20250620145054.0 | ||
| 008 | 250603s1981 su g 00000 ara c | ||
| 040 |
_aSA-JeALM _bara _cSA-RiAUC _erda |
||
| 043 | _aa-su--- | ||
| 082 | 0 | 4 | _a338.9009531 |
| 090 |
_a338.9009531 _b م ل خ |
||
| 245 | 0 | 0 | _aملخص خطة التنمية الثالثة للمملكة العربية السعودية 1400-1405 هـ. |
| 250 | _aالطبعة الأولى. | ||
| 264 | 1 |
_aجدة، السعودية : _bتهامة، _c1981 |
|
| 300 |
_a 325 صفحة ؛ _c24 سم |
||
| 336 |
_aنص _btxt _2rdacontent _3كتاب |
||
| 337 |
_aبدون وسيط _bn _2rdamedia |
||
| 338 |
_aمجلد _bnc _2rdacarrier |
||
| 651 | 7 |
_aالسعودية _xسياسة اقتصادية _2aucsh |
|
| 651 | 7 |
_aالسعودية _xأحوال اقتصادية _2aucsh |
|
| 651 | 7 |
_aالسعودية _xسياسة اقتصادية _2aucsh |
|
| 942 |
_2ddc _cBOOK _n0 |
||
| 949 |
_aSA-JeALM _d250603 _uosman123 _n1 |
||
| 999 |
_c9092 _d9092 |
||